000 00766nam a2200265 a 4500
001 000007137
003 DO-SdBNP
005 20240314132203.0
007 000007137
008 090717s2016 mx 001 0 spa d
020 _z9786071634733
040 _aBPMSU
_bspa
_cBPMSU
082 4 _aM861.6
_bC416b 2016
_222
100 1 _a Cerón, Rocío.
_d
245 1 0 _aBorealis /
_cRocío Cerón.
_b
260 _aMéxico :
_bFondo de Cultura Económica,
_c2016
300 _a95 p. ;
_c23 cm.
_b
490 0 _aColección poesía
590 _aInventariado, 2024/VM
650 4 _aPoesía mexicana
_x
_y
650 4 _aLiteratura mexicana
_x
_y
_z
710 2 _aFondo de Cultura Económica (México)
910 _aVMateo V. Control de calidad BPMSU
942 _2ddc
_cBK
999 _c14598
_d14598